| 000 | 00841nam a2200253 a 4500 | ||
|---|---|---|---|
| 001 | BRCA_4648 | ||
| 005 | 20190320204741.0 | ||
| 008 | 020319s2001####sp-#######---#000-0#spa-# | ||
| 020 | _a8488333552 | ||
| 041 | _aspa | ||
| 044 | _asp | ||
| 050 | 4 |
_aPQ6277 _b.P34 2001 |
|
| 100 | 1 |
_aPáez de Ribera, Ruy _911765 |
|
| 245 | 1 | 0 |
_aFlorisando _b(Salamanca, Juan de Porras, 1510) : guía de lectura _cRuy Páez de Ribera y Ana Cristina Ramos Grados. |
| 260 |
_aAlcalá de Henares [España] _bCentro de Estudios Cervantinos _c2001 |
||
| 300 |
_a132 p. _c24 cm. |
||
| 440 | 0 |
_aGuías de lectura caballeresca _v5 _911766 |
|
| 500 | _aIncluye índice general de la colección | ||
| 504 | _aBibliografía: p. [127]-128 | ||
| 650 | 1 | 4 |
_aLiteratura _zEspaña _911767 |
| 700 | 1 |
_aRamos Grados, Ana Cristina _911768 |
|
| 902 | _aCERV | ||
| 942 |
_2lcc _cB |
||
| 999 |
_c4351 _d4351 |
||